| 000 | 01282cam a22003494a 4500 | ||
|---|---|---|---|
| 001 | 11791548 | ||
| 003 | SISC | ||
| 005 | 20160404133119.0 | ||
| 008 | 990917s2000 mnua j b 001 0 eng | ||
| 010 | _a 99048465 | ||
| 020 | _a0736804153 (book) | ||
| 020 | _a9780736804158 | ||
| 040 |
_aDLC _cDLC _dDLC |
||
| 042 |
_apcc _alcac |
||
| 050 | 0 | 0 |
_aHV 5066 _b.G72 2000 |
| 082 | 0 | 0 |
_aHS 616.86 _bG78 2000 |
| 100 | 1 |
_aGraves, Bonnie B. _912175 |
|
| 245 | 1 | 0 |
_aAlcohol use and abuse / _cBonnie Graves. |
| 260 |
_aMinnesota : _bLife Matters, _cc2000. |
||
| 300 |
_a64 p. : _bill, ; _c24 cm. |
||
| 440 | 0 |
_aPerspectives on physical health _912638 |
|
| 504 | _aIncludes bibliographical references and index. | ||
| 562 | _e1 | ||
| 650 | 0 |
_aAlcoholism _vJuvenile literature. _921070 |
|
| 650 | 0 |
_aTeenagers _xAlcohol use _vJuvenile literature. _921071 |
|
| 650 | 0 |
_aAlcoholism _xPrevention _vJuvenile literature. _921072 |
|
| 650 | 1 |
_aAlcoholism. _910240 |
|
| 906 |
_a7 _bcbc _corignew _d1 _eocip _f19 _gy-gencatlg |
||
| 942 |
_2lcc _cBK |
||
| 999 |
_c11775 _d11775 |
||